Роль подземных вод в формировании месторождений полезных ископаемых

Бібліографічні деталі
Автор: Валуконис Г. Ю. Генрикас Юозович
Інші автори: Ходьков А. Е. Афанасий Евменович
Мова:Російська
Опубліковано: Ленинград, Недра, 1978
Предмети:
Формат: MixedMaterials Книга
KOHA link:https://koha.lib.tpu.ru/cgi-bin/koha/opac-detail.pl?biblionumber=90555

MARC

LEADER 00000nam0a2200000 4500
001 90555
005 20231031103603.0
035 |a (RuTPU)RU\TPU\book\97101 
090 |a 90555 
100 |a 20060211d1978 k y0rusy50 ca 
101 0 |a rus 
102 |a RU 
105 |a a z 001zy 
200 1 |a Роль подземных вод в формировании месторождений полезных ископаемых  |f Г. Ю. Валуконис, А. Е. Ходьков 
210 |a Ленинград  |c Недра  |d 1978 
215 |a 296 с.  |c ил. 
320 |a Библиогр.: с. 275-294. 
610 1 |a полезные ископаемые 
610 1 |a происхождение 
610 1 |a воды подземные 
610 1 |a месторождения 
610 1 |a минералы 
610 1 |a термальные воды 
610 1 |a рудообразование 
675 |a 553  |v 3 
700 1 |a Валуконис  |b Г. Ю.  |g Генрикас Юозович 
701 1 |a Ходьков  |b А. Е.  |g Афанасий Евменович 
801 1 |a RU  |b 63413507  |c 20060211  |g PSBO 
801 2 |a RU  |b 63413507  |c 20141114  |g PSBO 
942 |c BK